[Event "Muensterland Verbandsklasse 1415"]
[Site "Germany"]
[Date "2015.02.28"]
[Round "7.7"]
[White "Braegelmann, Tobias"]
[Black "Dirks, Frank"]
[Result "0-1"]
[WhiteElo "1544"]
[BlackElo "1785"]
[PlyCount "90"]
[EventDate "2014.09.13"]
[EventType "team-tourn"]
[EventRounds "9"]
[EventCountry "GER"]
[SourceTitle "EXT 2016"]
[Source "ChessBase"]
[SourceDate "2015.10.08"]
[SourceVersion "1"]
[SourceVersionDate "2015.10.08"]
[SourceQuality "1"]
[WhiteTeam "Ochtrup"]
[BlackTeam "Nienberge II"]
[WhiteTeamCountry "GER"]
[BlackTeamCountry "GER"]

1. d4 g6 2. c4 Bg7 3. Nc3 d6 4. Nf3 Nd7 5. Bg5 f6 6. Bh4 Nh6 7. e3 Nf5 8. Bd3 Nxh4 9. Nxh4 e5 10. Qc2 f5 11. g3 exd4 12. exd4 Bxd4 13. Qe2+ Qe7 14. Qxe7+ Kxe7 15. Nd5+ Kd8 16. 0-0-0 Bg7 17. Nf3 c6 18. Nb4 Nc5 19. b3 a5 20. Nc2 a4 21. b4 Ne6 22. Be2 Kc7 23. Ncd4 Nxd4 24. Nxd4 Bd7 25. Rhe1 Rae8 26. Kc2 Re4 27. Nf3 Rhe8 28. Bd3 Rxe1 29. Nxe1 Be6 30. Nf3 Bg8 31. a3 b5 32. Nd2 Kb6 33. Kc1 d5 34. cxd5 Bxd5 35. h4 Bd4 36. Rf1 c5 37. bxc5+ Bxc5 38. Bc2 Bxa3+ 39. Kb1 Re2 40. Rd1 Rxf2 41. Ka1 Bb4 42. Kb2 Bxd2 43. Ka3 Ka5 44. Rb1 b4+ 45. Kb2 a3+ 0-1

[Event "Muensterland Verbandsklasse-A 1011"]
[Site "Germany"]
[Date "2011.01.08"]
[Round "5.6"]
[White "Kloster, Daniel"]
[Black "Dirks, Frank"]
[Result "0-1"]
[WhiteElo "1641"]
[BlackElo "1733"]
[PlyCount "116"]
[EventDate "2010.09.18"]
[EventType "team-tourn"]
[EventRounds "9"]
[EventCountry "GER"]
[SourceTitle "EXT 2012"]
[Source "ChessBase"]
[SourceDate "2011.11.24"]
[SourceVersion "1"]
[SourceVersionDate "2011.11.24"]
[SourceQuality "1"]
[WhiteTeam "Stadtlohn"]
[BlackTeam "Nienberge II"]
[WhiteTeamCountry "GER"]
[BlackTeamCountry "GER"]

1. d4 b6 2. Nf3 Bb7 3. Bf4 e6 4. e3 Nf6 5. Be2 h6 6. Nbd2 g5 7. Be5 d6 8. Bxf6 Qxf6 9. h3 Nd7 10. c3 Bg7 11. Qa4 c6 12. Ne4 Qe7 13. Ba6 Bxa6 14. Qxa6 f5 15. Ned2 Nf6 16. Nc4 0-0 17. Qa3 c5 18. dxc5 bxc5 19. Rd1 Ne4 20. Nfd2 d5 21. Na5 Qc7 22. Nab3 Rac8 23. Qa6 Rf6 24. Nxe4 fxe4 25. 0-0 c4 26. Nc1 Rb8 27. Rd2 Rb6 28. Qa4 Rf8 29. Ne2 Rfb8 30. Rb1 Qc8 31. Qc2 Ra6 32. Ra1 Rab6 33. Rb1 Qa6 34. a3 Be5 35. g3 Qb7 36. Qc1 Qf7 37. Qf1 Rf8 38. Qg2 Bd6 39. Ra1 Qb7 40. Ra2 Be5 41. Qf1 Qc7 42. Qe1 Rb7 43. Nd4 Rf6 44. Ra1 Qf7 45. Qe2 Bxd4 46. Rxd4 Rf3 47. Rd2 Qh5 48. Kg2 Rbf7 49. Qd1 Qg6 50. Qc2 h5 51. Rh1 h4 52. g4 Qf6 53. Re2 Rg3+ 54. fxg3 Qf3+ 55. Kg1 Qf1+ 56. Kh2 hxg3+ 57. Kxg3 Rf3+ 58. Kh2 Rxh3# 0-1

[Event "Muenster Bezirksliga 0607"]
[Site "Germany"]
[Date "2006.12.16"]
[Round "4.26"]
[White "Schaefer, Guenter"]
[Black "Dirks, Frank"]
[Result "1-0"]
[WhiteElo "1981"]
[BlackElo "1738"]
[PlyCount "75"]
[EventDate "2006.09.16"]
[EventType "team"]
[EventRounds "9"]
[EventCountry "GER"]
[SourceTitle "EXT 2008"]
[Source "ChessBase"]
[SourceDate "2007.11.25"]
[SourceVersion "1"]
[SourceVersionDate "2007.11.25"]
[SourceQuality "1"]
[WhiteTeam "Muenster SF"]
[BlackTeam "Nienberge II"]
[WhiteTeamCountry "GER"]
[BlackTeamCountry "GER"]

1. e4 e6 2. d4 b6 3. Nf3 Bb7 4. Bd3 Nf6 5. Qe2 h6 6. c3 g5 7. h4 g4 8. Nh2 h5 9. Nf1 c5 10. Bg5 Be7 11. d5 e5 12. Ne3 a6 13. Nf5 d6 14. f3 gxf3 15. Qxf3 Nbd7 16. 0-0 Rh7 17. Nxe7 Qxe7 18. Bxf6 Nxf6 19. Qxf6 Qf8 20. Nd2 Rh6 21. Qg5 f6 22. Qf5 Bc8 23. Qf2 Ra7 24. Be2 Rg7 25. Nc4 b5 26. Ne3 Qg8 27. Kh2 Ke7 28. g3 Qh7 29. Nf5+ Bxf5 30. exf5 Qg8 31. Bf3 Rh8 32. b4 Qc8 33. bxc5 dxc5 34. d6+ Kxd6 35. Rfd1+ Ke7 36. Bd5 Rg4 37. Be6 Qc6 38. Rd5 1-0